| 000 | 01013cam a2200313 i 4500 | ||
|---|---|---|---|
| 001 | 799525 | ||
| 003 | PILC | ||
| 005 | 20150905095134.0 | ||
| 008 | 750507t19751961nyu b 001 0 eng | ||
| 010 | _a 75015645 | ||
| 020 | _a0393011208 | ||
| 040 |
_aDLC _cDLC _dDLC |
||
| 041 | 1 | _aengger | |
| 050 | 0 | 0 |
_aBL 53 _b.F889 1961 |
| 082 | 0 | 0 | _a200/.1/9 |
| 100 | 1 |
_aFreud, Sigmund, _d1856-1939. |
|
| 240 | 1 | 0 |
_aZukunft einer Illusion. _lEnglish |
| 245 | 1 | 4 |
_aThe future of an illusion / _cSigmund Freud ; translated by W.D. Robson-Scott ; revised and newly edited by James Strachey. |
| 260 |
_aNew York : _bDoubleday & Company, Inc., _c1964. |
||
| 300 |
_a105 pages ; _c20 cm. |
||
| 500 | _aTranslation of Die Zukunft einer Illusion. | ||
| 500 | _aIncludes bibliographical references and indexes. | ||
| 650 | 0 | _aPsychology, Religious. | |
| 650 | 0 | _aReligion. | |
| 650 | 0 | _aPsychoanalysis. | |
| 700 | 1 | _aStrachey, James. | |
| 906 |
_a7 _bcbc _corignew _d1 _eocip _f19 _gy-gencatlg |
||
| 942 |
_2lcc _cBK _kFOR |
||
| 999 |
_c284699 _d284699 |
||